书目信息 |
| 题名: |
百家姓解释
|
|
| 作者: | 纪林 , 华云 编 | |
| 分册: | ||
| 出版信息: | 北京 人民邮电出版社 1980 |
|
| 页数: | 122页 | |
| 开本: | 13cm | |
| 丛书名: | ||
| 单 册: | ||
| 中图分类: | H125.4 | |
| 科图分类: | ||
| 主题词: | 汉字--文字学 , 姓氏--解释--中国 | |
| 电子资源: | ||
| ISBN: | ||
| 000 | 00793nam0 2200277 45 | |
| 001 | 0180000809 | |
| 005 | 20060726153032.40 | |
| 010 | @dCNY0.22 | |
| 091 | @a15045.新1427-综75 | |
| 100 | @a19950312d1980 em y0chiy0121 ea | |
| 101 | 0 | @achi |
| 102 | @aCN@b110000 | |
| 105 | @ay z 000yy | |
| 200 | 10 | @a百家姓解释@Abai jia xing jie shi@f华云,纪林编@Fhua yun,ji lin bian |
| 205 | @a2版@b修订本 | |
| 210 | @a北京@c人民邮电出版社@d1980 | |
| 215 | @a122页@d13cm | |
| 330 | @a本书共收集单姓53个,复姓63个,是长途话务员业余用书,主要说明姓氏的拼写法 | |
| 606 | 0 | @a汉字@x文字学 |
| 606 | @a姓氏@x解释@y中国 | |
| 690 | @aH125.4@v4 | |
| 701 | 0 | @a纪林@Aji lin@4编 |
| 701 | 0 | @a华云@Ahua yun@4编 |
| 801 | 0 | @aCN@bTSSF@c20060726 |
| 801 | 2 | @aCN@bNLC@c20060317 |
| 905 | @a10447@dH125.4@e11 | |
| 百家姓解释/华云,纪林编.-2版,修订本.-北京:人民邮电出版社,1980 |
| 122页;13cm |
| ISBN :CNY0.22 |
| 本书共收集单姓53个,复姓63个,是长途话务员业余用书,主要说明姓氏的拼写法 |
| ● |
| 相关链接 |
|
|
|
|
正题名:百家姓解释
索取号:H125.4/11
 
预约/预借
| 序号 | 登录号 | 条形码 | 馆藏地/架位号 | 状态 | 备注 |
| 1 | 0106898 | 202207370 | 密集书库/ [索取号:H125.4/11] | 在馆 | |
| 2 | 0106899 | 202207334 | 密集书库/ [索取号:H125.4/11] | 在馆 | |
| 3 | 0106900 | 202207290 | 密集书库/ [索取号:H125.4/11] | 在馆 | |
| 4 | 0436469 | 204364696 | 密集书库/ [索取号:H125.4/11] | 在馆 | |
| 5 | 0436470 | 204364703 | 密集书库/ [索取号:H125.4/11] | 在馆 |